Countries Bigger than Alaska or Smaller than Rhode Island - Statistics

General Stats
  • This quiz has been taken 1,086 times
  • The average score is 33 of 45
Answer Stats
Area in km² Answer % Correct
17,098,246 Russia
98%
9,596,691 China
97%
9,984,670 Canada
95%
8,515,767 Brazil
94%
9,525,067 United States
94%
3,287,263 India
92%
7,692,024 Australia
90%
0.44 Vatican City
90%
2,780,400 Argentina
87%
1,964,375 Mexico
84%
2,381,741 Algeria
83%
2,344,858 Democratic Republic of the Congo
82%
2 Monaco
81%
2,724,900 Kazakhstan
80%
61 San Marino
80%
468 Andorra
75%
2,586 Luxembourg
75%
1,910,931 Indonesia
74%
160 Liechtenstein
72%
21 Nauru
71%
2,149,690 Saudi Arabia
71%
26 Tuvalu
71%
261 Saint Kitts and Nevis
70%
616 Saint Lucia
70%
459 Palau
69%
1,886,068 Sudan
69%
389 Saint Vincent and the Grenadines
68%
1,759,540 Libya
67%
316 Malta
66%
747 Tonga
65%
2,842 Samoa
64%
719 Singapore
63%
442 Antigua and Barbuda
62%
430 Barbados
62%
344 Grenada
62%
181 Marshall Islands
62%
811 Kiribati
61%
452 Seychelles
61%
1,862 Comoros
58%
702 F.S. of Micronesia
58%
964 São Tomé and Príncipe
58%
300 Maldives
57%
751 Dominica
56%
2,040 Mauritius
56%
765 Bahrain
52%
No matching quizzes found
Score Distribution
Percent of People with Each Score
Percentile by Number Answered
Your Score History
You have not taken this quiz